Piłkarze Atletico Madryt i Ich Narodowości - Statystyki

Ogólne statystyki
  • Ten quiz został rozwiązany 341 razy
  • Średni wynik to 20 z 22
Statystyki odpowiedzi
Hint Odpowiedź % Poprawnych
Benjamin Lecomte Francja
99%
Thomas Lemar Francja
99%
Antoine Griezmann Francja
99%
Mario Hermoso Hiszpania
99%
Marcos Llorente Hiszpania
99%
Koke HIszpania
99%
Jose Maria Gimenez Urugwaj
99%
Luis Suarez Urugwaj
99%
Joao Felix Portugalia
98%
Jan Oblak Słowenia
98%
Rodrigo De Paul Argentyna
97%
Angel Correa Argentyna
97%
Felipe Brazylia
97%
Renan Lodi Brazylia
97%
Matheus Cunha Brazylia
97%
Kieran Trippier Anglia
94%
Sime Vrsaljko Chorwacja
91%
Yannick Carrasco Belgia
90%
Stefan Savić Czarnogóra
84%
Hector Herrera Meksyk
77%
Ivan Saponjic Serbia
75%
Geoffrey Kondogbia Republika Środkowoafrykańska
49%
Nie znaleziono quizów pasujących do podanych kryteriów
Rozkład punktacji
Procent ludzi z każdym wynikiem
Percentyl według liczby udzielonych odpowiedzi
Twoja historia wyników
Nie rozwiązałeś tego quizu